التحريج فى الكويت / (رقم التسجيلة. 102413)
[ عرض عادي ]
| 000 -LEADER | |
|---|---|
| fixed length control field | 00817cam a2200217 a 4500 |
| 003 - CONTROL NUMBER IDENTIFIER | |
| control field | EG-GiCUC |
| 008 - FIXED-LENGTH DATA ELEMENTS--GENERAL INFORMATION | |
| fixed length control field | 080921s198u ku g f000 0 ara d |
| 040 ## - CATALOGING SOURCE | |
| Original cataloging agency | EG-GiCUC |
| Language of cataloging | ara |
| Transcribing agency | EG-GiCUC |
| 092 04 - LOCALLY ASSIGNED DEWEY CALL NUMBER (OCLC) | |
| Classification number | 634.95 |
| Item number | N975 |
| Edition number | 21 |
| 099 ## - LOCAL FREE-TEXT CALL NUMBER (OCLC) | |
| Classification number | 04 |
| -- | 634.95 N975 |
| 100 1# - MAIN ENTRY--PERSONAL NAME | |
| Personal name | نسيبة : احمد فؤاد |
| 245 12 - TITLE STATEMENT | |
| Title | التحريج فى الكويت / |
| Statement of responsibility, etc. | اعداد احمد فؤاد نسيبة |
| 260 ## - PUBLICATION, DISTRIBUTION, ETC. | |
| Place of publication, distribution, etc. | الكويت : |
| Name of publisher, distributor, etc. | وزارة الاشغال العامة : ادارة الزراعة : الارشاد الزراعى : |
| Date of publication, distribution, etc. | [198-] |
| 300 ## - PHYSICAL DESCRIPTION | |
| Extent | [26] ص : |
| Other physical details | ايض ؛ |
| Dimensions | 24سم |
| 650 #7 - SUBJECT ADDED ENTRY--TOPICAL TERM | |
| Topical term or geographic name entry element | التشجير |
| Geographic subdivision | الكويت |
| Source of heading or term | qrmak |
| 902 ## - LOCAL DATA ELEMENT B, LDB (RLIN) | |
| No. of Items | 1 |
| 905 ## - LOCAL DATA ELEMENT E, LDE (RLIN) | |
| Cataloger | بلتاجى |
| Reviser | مراجع |
| 905 ## - LOCAL DATA ELEMENT E, LDE (RLIN) | |
| Cataloger | جمال |
| Reviser | مدخل |
| 942 ## - ADDED ENTRY ELEMENTS (KOHA) | |
| Source of classification or shelving scheme | Dewey Decimal Classification |
| Koha item type | Books |
| Source of classification or shelving scheme | Not for loan | Home library | Current library | Date acquired | Full call number | Barcode | Date last seen | Copy number | Koha item type |
|---|---|---|---|---|---|---|---|---|---|
| Dewey Decimal Classification | المكتبة المركزبة الجديدة - جامعة القاهرة | قاعة المكتبات المهداة - الدور الرابع | 11.02.2024 | 634.95 N975 K.B. | 01000103001015000 | 23.06.2024 | C.1 | Books |